00360nam a2200121Ia 4500008004000000020001800040082001500058100002100073245005600094260003800150300000800188650004200196210210b1968 xxu||||| |||| 00| 0 eng d a0 333 02036 7 a820.9 DYSY aDYSON (A E), Ed. aYeats last poems: a casebook ed by Jon Stallworthy. aLondonbMacmillan Press Ltdc1968 a280 aYeats Poems critical Essays Case Book